| 000 | 00405nam a2200169Ia 4500 | ||
|---|---|---|---|
| 008 | 230718s9999 xx 000 0 und d | ||
| 020 | _a8121900026 | ||
| 041 | _aeng | ||
| 082 |
_a621.381 _bMEH |
||
| 100 | _aMehta V.K. | ||
| 245 | _aPrinciples Of Electronics | ||
| 260 |
_c1991 _bS.Chand And Company Ltd. |
||
| 300 | _a468 | ||
| 365 | _cRs. | ||
| 700 | _aMehta V.K. | ||
| 906 |
_dB:25-Apr-2008 _cETC |
||
| 999 |
_c295350 _d295350 |
||